000 00708cab a2200181 4500
001 L130780
008 050830n2005 000 0 eng u
035 _a(Sirsi) u130780
041 0 _aeng
100 _aBooty, Frank
245 0 4 _aThe art of measurement
260 _c2005
490 _aProperty Management
_vAugust 2005, 51-52(2)
520 _aArticle written following attendance at the annual Henry Stewart briefing in June. Discusess performance measurement in relation to real estate. Examines the policy in relation to Scottish Water in some detail. Contains a list of useful links.
590 _aIKA300805
690 _aPROPERTY-COMMERCIAL PROPERTY-COMMERCIAL PROPERTY MANAGEMENT
942 _n0
999 _c75787
_d75787